Microelectronic circuits (Record no. 1329)

000 -LEADER
fixed length control field 00597nam a22002177a 4500
001 - CONTROL NUMBER
control field 1329
003 - CONTROL NUMBER IDENTIFIER
control field BD-DhUET
008 - FIXED-LENGTH DATA ELEMENTS--GENERAL INFORMATION
fixed length control field 140903b xxu||||| |||| 00| 0 eng d
020 ## - INTERNATIONAL STANDARD BOOK NUMBER
International Standard Book Number 0195680847
040 ## - CATALOGING SOURCE
Transcribing agency 0
Modifying agency BD-DhUET
082 ## - DEWEY DECIMAL CLASSIFICATION NUMBER
Classification number 623.8153
Item number SED/1982
100 ## - MAIN ENTRY--PERSONAL NAME
Personal name Sedra, Adel.S
245 ## - TITLE STATEMENT
Title Microelectronic circuits
Statement of responsibility, etc. by Adel S. Sedra and Kenneth C. Smith
250 ## - EDITION STATEMENT
Edition statement 5th ed.
260 ## - PUBLICATION, DISTRIBUTION, ETC. (IMPRINT)
Place of publication, distribution, etc. New York
Name of publisher, distributor, etc. Oxford University Press
Date of publication, distribution, etc. 1982
300 ## - PHYSICAL DESCRIPTION
Extent xxi, 1283 p.
Other physical details ill.
Dimensions 22 cm.
504 ## - BIBLIOGRAPHY, ETC. NOTE
Bibliography, etc Includes bibliographies
650 #0 - SUBJECT ADDED ENTRY--TOPICAL TERM
Topical term or geographic name as entry element Electronic-Circuits
700 ## - ADDED ENTRY--PERSONAL NAME
Personal name Smith, Kenneth C.
942 ## - ADDED ENTRY ELEMENTS (KOHA)
Koha item type General Book
Holdings
Sublocation or collection (holding branch) Withdrawn status Shelving location Koha date last borrowed Damaged status Koha out on loan Copy number Price effective from Koha full call number Date acquired Location (home branch) Koha renewals Koha item type Koha normalized classification for sorting Source of classification or shelving scheme Koha issues (times borrowed) Koha date last seen Not for loan Lost status Piece designation (barcode)
Central Library, BUET Circulation section2021-12-21  12014-09-03623.8153/SED/20042014-09-03Central Library, BUET1Guide Book623_000000000000000_8153SED200 92022-05-22  103871
Central Library, BUET Circulation section2026-01-20 2026-02-0322014-09-03623.8153/SED/20042007-05-28Central Library, BUET1General Book623_815300000000000_SED_2004 72026-01-20  103866
Central Library, BUET Circulation section2022-11-22 2022-12-0632014-09-03623.8153/SED/20042014-09-03Central Library, BUET Guide Book623_000000000000000_8153SED200 132022-11-22  103867
Central Library, BUET Circulation section2016-02-27 2017-02-2642014-09-03623.8153/SED/20042014-09-03Central Library, BUET Guide Book623_000000000000000_8153SED200 22016-02-27  103868
Central Library, BUET Circulation section2024-03-06  52014-09-03623.8153/SED/20042014-09-03Central Library, BUET Guide Book623_000000000000000_8153SED200 122024-06-02  103870
Central Library, BUET Circulation section2025-08-24  62014-09-03623.8153/SED/20042014-09-03Central Library, BUET2Guide Book623_000000000000000_8153SED200 132025-09-08  103873
Central Library, BUET Circulation section2023-06-05 2023-06-1982014-09-03623.8153/SED/20042014-09-03Central Library, BUET1Guide Book623_000000000000000_8153SED200 162023-06-05  103872
Central Library, BUET Circulation section2025-09-24  92014-09-03623.8153/SED/20042014-09-03Central Library, BUET Guide Book623_000000000000000_8153SED200 182025-10-18  103874
Central Library, BUET Circulation section2020-02-10 2021-02-09102014-10-27623.8153/SED/20042014-10-27Central Library, BUET Guide Book623_000000000000000_8153SED200 52020-02-10  101693
Central Library, BUET Circulation section2014-12-08  112014-11-29623.8153/SED/19822014-11-29Central Library, BUET General Book623_815300000000000_SED_1982 12026-03-08  107789
Central Library, BUET Circulation section2025-04-29 2025-05-13122016-03-27623.8153/SED/19822016-03-27Central Library, BUET General Book623_815300000000000_SED_1982 102025-04-29  101692